Sports Quiz

Random Sports or Baseball Quiz

L.A. Dodgers' Retired Numbers Quiz Stats

 Plays Quiz Updated Dec 30, 2011

Score 0/10 Timer 04:00
0 Plays Today
# Name % Correct
42Jackie Robinson
95.9%
32Sandy Koufax
87.5%
53Don Drysdale
74.1%
1Pee Wee Reese
68%
2Tommy Lasorda
64.1%
4Duke Snider
62%
39Roy Campanella
61.3%
20Don Sutton
39.5%
24Walter Alston
35.2%
19Jim Gilliam
22%

You're not logged in!

Compare scores with friends on all Sporcle quizzes.
OR
Log In

Sporcle TV

Today on Sporcle TV


Watch our educational content, quiz creation guides, and fun videos on Sporcle TV.

Show Comments

Extras

Top Quizzes Today


Score Distribution

Your Account Isn't Verified!

In order to create a playlist on Sporcle, you need to verify the email address you used during registration. Go to your Sporcle Settings to finish the process.

Report this User

Report this user for behavior that violates our Community Guidelines.

Details: